A bird-finding guide to Costa Rica /

Bibliographic Details
Main Author: Lawson, Barrett, 1982-
Format: Book
Language:English
Published: Ithaca : Comstock/Cornell University Press, 2009.
Subjects:

MARC

Tag First Indicator Second Indicator Subfields
LEADER 00000cam a22000004a 4500
001 in00002542921
005 20151113141801.0
008 090421s2009 nyuab b 001 0 eng c
010 |a  2009016843 
020 |a 9780801446931 (cloth : alk. paper) 
020 |a 0801446937 (cloth : alk. paper) 
020 |a 9780801475849 (pbk. : alk. paper) 
020 |a 0801475848 (pbk. : alk. paper) 
035 |a (OCoLC)ocn319601766 
035 |a (OCoLC)319601766 
040 |a NIC/DLC  |c DLC  |d BTCTA  |d C#P  |d AGL  |d UtOrBLW 
042 |a pcc 
043 |a nccr--- 
049 |a TXAM 
050 0 0 |a QL687.C8  |b L39 2009 
070 0 |a QL687.C8  |b L39 2009 
082 0 0 |a 598.072/347286  |2 22 
100 1 |a Lawson, Barrett,  |d 1982- 
245 1 2 |a A bird-finding guide to Costa Rica /  |c Barrett Lawson. 
264 1 |a Ithaca :  |b Comstock/Cornell University Press,  |c 2009. 
300 |a xv, 365 pages :  |b illustrations, maps ;  |c 23 cm. 
336 |a text  |b txt  |2 rdacontent 
337 |a unmediated  |b n  |2 rdamedia 
338 |a volume  |b nc  |2 rdacarrier 
504 |a Includes bibliographical references and index. 
650 0 |a Bird watching  |z Costa Rica  |v Guidebooks. 
650 0 |a Birding sites  |z Costa Rica  |v Guidebooks. 
650 0 |a Birds  |z Costa Rica. 
651 0 |a Costa Rica  |v Guidebooks. 
938 |a Baker and Taylor  |b BTCP  |n BK0008360274 
945 |a PromptCat  |b 887943 
946 |a stk 
947 |a A14840052052 
994 |a 92  |b TXA 
948 |a cataloged  |b h  |d 2010/1/28  |h c  |e asalazar  |f 12:35:10 pm 
999 |a MARS 
999 f f |s 9f948507-6722-3de5-a926-fbfd87e689dc  |i 7ccf1856-ceb5-308b-a599-cdaa3070745a  |t 0 
952 f f |p ric  |a Texas A&M University  |b Rellis Campus  |c Joint Library Facility  |d Remote Storage  |t 0  |e QL687.C8 L39 2009  |h Library of Congress classification  |i unmediated -- volume  |m A14840052052 
998 f f |a QL687.C8 L39 2009  |t 0  |l Remote Storage